[Event "Quebec-ch U20"]
[Site "Montreal CAN"]
[Date "1980.11.22"]
[Round "4"]
[White "Singher, Jean-Pierre"]
[Black "Bolduc, Steve"]
[Result "1-0"]
[WhiteElo "1545"]
[BlackElo "1704"]
[PlyCount "91"]
[GameId "2160767912911575"]
[EventDate "1980.11.21"]
[EventType "swiss"]
[EventRounds "5"]
[EventCountry "CAN"]
[SourceTitle "hb 2011"]

1. e4 g6 2. d4 Bg7 3. Nf3 d6 4. c3 Nf6 5. Bd3 O-O 6. O-O Bg4 7. h3 Bd7 8. Bf4 Re8 9. Re1 Nh5 10. Bh2 e5 11. dxe5 dxe5 12. Na3 c5 13. Nc2 Nc6 14. Bc4 Be6 15. Ne3 Bxc4 16. Nxc4 Qe7 17. Qb3 a6 18. Nb6 Rad8 19. Rad1 Nf6 20. Nd2 Qc7 21. Ndc4 Nd7 22. Nd5 Qb8 23. a4 b5 24. axb5 axb5 25. Nce3 c4 26. Qa3 Qb7 27. b3 Ra8 28. Qb2 cxb3 29. Qxb3 Nc5 30. Qc2 Rec8 31. f3 Ra6 32. Rb1 Rca8 33. Re2 Ra2 34. Qxa2 Rxa2 35. Rxa2 Na4 36. Rxa4 Bf8 37. Ra2 Bc5 38. Kf1 Kg7 39. Rab2 Qa6 40. Ke1 Na7 41. Bxe5+ Kh6 42. Ng4+ Kh5 43. Ndf6+ Kg5 44. h4+ Kxh4 45. g3+ Kg5 46. f4# 1-0

[Event "Quebec-ch U20"]
[Site "Montreal CAN"]
[Date "1980.11.23"]
[Round "5"]
[White "Rohlick, Paul"]
[Black "Bolduc, Steve"]
[Result "0-1"]
[WhiteElo "1501"]
[BlackElo "1704"]
[PlyCount "92"]
[GameId "2160767912911576"]
[EventDate "1980.11.21"]
[EventType "swiss"]
[EventRounds "5"]
[EventCountry "CAN"]
[SourceTitle "hb 2011"]

1. e4 g6 2. Nf3 Bg7 3. d4 d6 4. Nc3 c6 5. Bd3 Qc7 6. O-O Nd7 7. Bf4 e5 8. dxe5 dxe5 9. Be3 Ngf6 10. h3 O-O 11. a4 Ne8 12. Ng5 h6 13. Nf3 Nd6 14. Qd2 Kh7 15. Nh4 Nb6 16. b3 f5 17. exf5 gxf5 18. f3 Nd5 19. Nxd5 cxd5 20. Rac1 e4 21. fxe4 dxe4 22. Be2 Be6 23. Bf4 Rad8 24. Rfd1 Qb6+ 25. Kh1 Nb5 26. Qe1 Nc3 27. Rxd8 Qxd8 28. g3 a6 29. Bd2 Qc7 30. Bc4 Bxc4 31. Bxc3 Be6 32. Bxg7 Qxg7 33. Kh2 Rc8 34. Qf2 Qg5 35. Qf4 Qxf4 36. gxf4 Rc3 37. Kg2 Kg7 38. Kh2 Kf6 39. Ng2 Bxb3 40. a5 Rxc2 41. Rb1 Bd5 42. Kg3 Rc3+ 43. Kh2 Ra3 44. Rb6+ Bc6 45. Rb2 Rxa5 46. Rd2 Rd5 0-1

[Event "Automne/Fall op"]
[Site "Montreal CAN"]
[Date "1980.11.15"]
[Round "1"]
[White "Bolduc, Steve"]
[Black "Dupuis, Stephane"]
[Result "0-1"]
[WhiteElo "1707"]
[BlackElo "1945"]
[PlyCount "42"]
[GameId "2160767912911578"]
[EventDate "1980.11.15"]
[EventType "tourn"]
[EventRounds "4"]
[EventCountry "CAN"]
[SourceTitle "hb 2011"]

1. e4 c5 2. Nc3 e6 3. f4 d5 4. exd5 exd5 5. Bb5+ Nc6 6. Nf3 Nf6 7. d4 Be7 8. Be3 O-O 9. Bxc6 bxc6 10. dxc5 Re8 11. Ne5 Ng4 12. Nxg4 Bxc5 13. O-O Bxg4 14. Qxg4 Rxe3 15. Kh1 Qe7 16. f5 f6 17. h4 Bd6 18. Rf3 Re1+ 19. Rf1 Qe5 20. Qh3 Re8 21. Raxe1 Qxe1 0-1

[Event "Automne/Fall op"]
[Site "Montreal CAN"]
[Date "1980.11.15"]
[Round "2"]
[White "Robillard, Jean"]
[Black "Bolduc, Steve"]
[Result "1/2-1/2"]
[WhiteElo "2016"]
[BlackElo "1707"]
[PlyCount "48"]
[GameId "2160767912911579"]
[EventDate "1980.11.15"]
[EventType "tourn"]
[EventRounds "4"]
[EventCountry "CAN"]
[SourceTitle "hb 2011"]

1. e4 g6 2. d4 Bg7 3. c4 d6 4. Nc3 Nf6 5. f3 O-O 6. Be3 e5 7. Nge2 Nc6 8. Qd2 Ne8 9. g4 f5 10. gxf5 gxf5 11. d5 f4 12. Bf2 Nb8 13. h4 Kh8 14. Bh3 Bxh3 15. Rxh3 Nd7 16. Nc1 Nef6 17. Nd3 b6 18. Nb4 Nb8 19. Rh1 a5 20. Nd3 Na6 21. Nb5 Rg8 22. O-O-O Nh5 23. Kb1 Bf6 24. Qe2 Qe7 1/2-1/2

[Event "Automne/Fall op"]
[Site "Montreal CAN"]
[Date "1980.11.16"]
[Round "3"]
[White "Croisetiere, Michel"]
[Black "Bolduc, Steve"]
[Result "1-0"]
[WhiteElo "1830"]
[BlackElo "1707"]
[PlyCount "27"]
[GameId "2160767912911580"]
[EventDate "1980.11.15"]
[EventType "tourn"]
[EventRounds "4"]
[EventCountry "CAN"]
[SourceTitle "hb 2011"]

1. e4 e6 2. d4 d5 3. Nc3 Bb4 4. e5 c5 5. a3 Bxc3+ 6. bxc3 Ne7 7. Nf3 b6 8. a4 O-O 9. Bd3 Ba6 10. Bxh7+ Kxh7 11. Ng5+ Kg6 12. h4 Qe8 13. Qg4 f5 14. h5+ 1-0

[Event "Karpov op"]
[Site "Montreal CAN"]
[Date "1980.10.11"]
[Round "2"]
[White "Cuerrier, Alain"]
[Black "Bolduc, Steve"]
[Result "1-0"]
[WhiteElo "1763"]
[BlackElo "1662"]
[PlyCount "37"]
[GameId "2160767912911653"]
[EventDate "1980.10.11"]
[EventType "swiss"]
[EventRounds "6"]
[EventCountry "CAN"]
[SourceTitle "hb 2011"]

1. d4 Nf6 2. Nf3 e6 3. e3 b6 4. Nbd2 Be7 5. Bd3 Bb7 6. Qe2 c5 7. O-O O-O 8. c3 d5 9. Ne5 Nc6 10. f4 Ne8 11. Kh1 f5 12. g4 Nxe5 13. fxe5 fxg4 14. Rg1 c4 15. Bc2 Bh4 16. Qxg4 Bf2 17. Rf1 Nc7 18. Nf3 Bh4 19. Rg1 1-0

[Event "Karpov op"]
[Site "Montreal CAN"]
[Date "1980.10.12"]
[Round "2"]
[White "Bolduc, Steve"]
[Black "Lachapelle, Jean-Pierre"]
[Result "1-0"]
[WhiteElo "1662"]
[BlackElo "1548"]
[PlyCount "97"]
[GameId "2160767912911654"]
[EventDate "1980.10.11"]
[EventType "swiss"]
[EventRounds "6"]
[EventCountry "CAN"]
[SourceTitle "hb 2011"]

1. c4 c5 2. Nc3 Nf6 3. Nf3 g6 4. g3 Bg7 5. Bg2 O-O 6. O-O d6 7. a3 Nc6 8. Rb1 a6 9. d3 Rb8 10. b4 cxb4 11. axb4 b5 12. cxb5 axb5 13. Bb2 Bd7 14. Na2 Qb6 15. Qd2 Rfc8 16. Rfc1 Ng4 17. e3 Nge5 18. Nxe5 Nxe5 19. Bd4 Qd8 20. h3 h5 21. Rxc8 Rxc8 22. f4 Nc6 23. Bxg7 Kxg7 24. Nc3 Nb8 25. Ra1 e6 26. Ne4 Bc6 27. Qb2+ Kh6 28. Ng5 Rc7 29. Bxc6 Nxc6 30. Rc1 Qe8 31. Qf6 e5 32. e4 exf4 33. gxf4 Qa8 34. Qxd6 Qa7+ 35. Qc5 Re7 36. Qxa7 Nxa7 37. Kf2 f6 38. Nf3 Re6 39. Nd4 Ra6 40. Rc2 g5 41. fxg5+ Kxg5 42. Nxb5 Nc6 43. Nc7 Rb6 44. b5 Nd4 45. Rc5+ Kg6 46. Ke3 Nb3 47. Rc3 Na5 48. Ra3 Nb7 49. Ra6 1-0

[Event "Karpov op"]
[Site "Montreal CAN"]
[Date "1980.10.12"]
[Round "4"]
[White "Bolduc, Steve"]
[Black "Munger, Rejean"]
[Result "1-0"]
[WhiteElo "1662"]
[BlackElo "1325"]
[PlyCount "95"]
[GameId "2160767912911656"]
[EventDate "1980.10.11"]
[EventType "swiss"]
[EventRounds "6"]
[EventCountry "CAN"]
[SourceTitle "hb 2011"]

1. e4 e5 2. Nf3 Nc6 3. Bb5 a6 4. Ba4 Nf6 5. O-O Nxe4 6. d4 b5 7. Bb3 d5 8. dxe5 Be6 9. c3 Be7 10. Nbd2 Nc5 11. Bc2 O-O 12. Qe2 d4 13. cxd4 Nxd4 14. Nxd4 Qxd4 15. Nf3 Qc4 16. Qxc4 Bxc4 17. Re1 Nd3 18. Bxd3 Bxd3 19. Bf4 c5 20. Rac1 c4 21. Nd4 Bb4 22. Red1 Bc5 23. Rxd3 Rfd8 24. Nb3 Bxf2+ 25. Kxf2 Rxd3 26. Nc5 Rd4 27. g3 Rd5 28. Ne4 h6 29. a4 Kf8 30. h4 Rd3 31. Nd6 Rb3 32. Rc2 Ke7 33. Nf5+ Kf8 34. Nd4 Rd3 35. Rd2 Rxd2+ 36. Bxd2 Rd8 37. Ke3 bxa4 38. e6 Re8 39. Bb4+ Kg8 40. e7 f6 41. Ne6 a5 42. Bc5 Kf7 43. Nc7 Rxe7+ 44. Bxe7 Kxe7 45. Kd4 Kd6 46. Ne8+ Kd7 47. Nxg7 c3 48. Kxc3 1-0

[Event "Karpov op"]
[Site "Montreal CAN"]
[Date "1980.10.13"]
[Round "6"]
[White "Bolduc, Steve"]
[Black "Millaire, Sylvain"]
[Result "1-0"]
[WhiteElo "1662"]
[BlackElo "1828"]
[PlyCount "103"]
[GameId "2160767912911659"]
[EventDate "1980.10.11"]
[EventType "swiss"]
[EventRounds "6"]
[EventCountry "CAN"]
[SourceTitle "hb 2011"]

1. e4 e6 2. d4 d5 3. Nc3 dxe4 4. Nxe4 Nd7 5. Nf3 Ngf6 6. Nxf6+ Nxf6 7. Be3 Be7 8. Bd3 O-O 9. O-O b6 10. Qe2 a6 11. Ne5 Bb7 12. f4 Nd5 13. Bd2 c5 14. f5 Nf6 15. fxe6 Qxd4+ 16. Kh1 fxe6 17. Ng6 hxg6 18. Qxe6+ Rf7 19. Bxg6 Bxg2+ 20. Kxg2 Qxd2+ 21. Kh1 Raf8 22. Rad1 Qh6 23. Bxf7+ Rxf7 24. Rd7 Kf8 25. Rb7 Qh5 26. Rb8+ Ne8 27. Qxf7+ Qxf7 28. Rxf7+ Kxf7 29. Rxb6 Bf6 30. b3 Ke7 31. Rxa6 Kd7 32. Kg2 Nc7 33. Ra4 Bd4 34. b4 Kc6 35. bxc5 Kxc5 36. Kf3 Nb5 37. Ra8 Kb4 38. Ke4 Kc3 39. a4 Nc7 40. Rd8 Ne6 41. Rc8+ Kb4 42. Kd5 Bb2 43. Kxe6 Kxa4 44. h4 Bd4 45. Rb8 Ka5 46. c4 Ka6 47. Kd5 Bf2 48. h5 Bh4 49. c5 Ka7 50. Rb1 Bd8 51. c6 Ka8 52. Kd6 1-0

[Event "Montreal op U1800"]
[Site "Montreal CAN"]
[Date "1980.08.29"]
[Round "1"]
[White "Laks, David"]
[Black "Bolduc, Steve"]
[Result "0-1"]
[WhiteElo "1670"]
[BlackElo "1558"]
[PlyCount "74"]
[GameId "2160767912911727"]
[EventDate "1980.08.30"]
[EventType "swiss"]
[EventRounds "6"]
[EventCountry "CAN"]
[SourceTitle "hb 2011"]

1. c4 Nf6 2. Nc3 e6 3. g3 d5 4. cxd5 exd5 5. Nf3 c6 6. d4 Bf5 7. Bg2 Bd6 8. O-O h6 9. a3 O-O 10. Bf4 Bxf4 11. gxf4 Nbd7 12. b4 Ne4 13. Rc1 a5 14. b5 Nxc3 15. Rxc3 Rc8 16. Qb3 Qb6 17. Rfc1 Nf6 18. bxc6 Rxc6 19. Qxb6 Rxb6 20. Rc5 Ra8 21. Ne5 Be6 22. f5 Bxf5 23. Bxd5 Nxd5 24. Rxd5 Be6 25. Rdc5 Rd6 26. e3 g5 27. Rb5 b6 28. Rc7 Rc8 29. Rxc8+ Bxc8 30. Nc4 Rc6 31. Nxb6 Bh3 32. Rb1 Bf5 33. Rb2 Be4 34. h3 Rc1+ 35. Kh2 Rh1+ 36. Kg3 Rg1+ 37. Kh2 Rg2+ 0-1

[Event "Montreal op U1800"]
[Site "Montreal CAN"]
[Date "1980.08.30"]
[Round "2"]
[White "Bolduc, Steve"]
[Black "Cote, Rejean"]
[Result "1/2-1/2"]
[WhiteElo "1558"]
[BlackElo "1587"]
[PlyCount "80"]
[GameId "2160767912911728"]
[EventDate "1980.08.30"]
[EventType "swiss"]
[EventRounds "6"]
[EventCountry "CAN"]
[SourceTitle "hb 2011"]

1. d4 Nf6 2. c4 e6 3. Nc3 Bb4 4. Qc2 Nc6 5. Nf3 d6 6. e3 O-O 7. Bd3 Re8 8. O-O e5 9. Be2 exd4 10. exd4 Bxc3 11. bxc3 h6 12. Bf4 b6 13. a4 Ba6 14. Rfe1 Na5 15. c5 Bxe2 16. Rxe2 d5 17. Rxe8+ Qxe8 18. Bxc7 Qc6 19. cxb6 axb6 20. Bg3 Ne4 21. Ra3 Nc4 22. Ra2 Nxg3 23. hxg3 Re8 24. Ra1 f6 25. Re1 Rxe1+ 26. Nxe1 Nd6 27. f3 b5 28. axb5 Nxb5 29. Qd2 Qxc3 30. Qxc3 Nxc3 31. Kf2 Kf7 32. Ke3 g5 33. Nd3 Nb5 34. g4 Nd6 35. f4 f5 36. Kf3 Kf6 37. Nb4 Ke6 38. Nc2 Kf6 39. Ne3 Ke6 40. g3 fxg4+ 1/2-1/2

[Event "Montreal op U1800"]
[Site "Montreal CAN"]
[Date "1980.08.31"]
[Round "3"]
[White "Deniger, Richmond"]
[Black "Bolduc, Steve"]
[Result "0-1"]
[WhiteElo "1528"]
[BlackElo "1558"]
[PlyCount "104"]
[GameId "2160767912911729"]
[EventDate "1980.08.30"]
[EventType "swiss"]
[EventRounds "6"]
[EventCountry "CAN"]
[SourceTitle "hb 2011"]

1. Nf3 e6 2. b3 f5 3. Bb2 Nf6 4. e3 Be7 5. Nc3 b6 6. g3 Bb7 7. Bg2 O-O 8. O-O Qe8 9. Ne2 h6 10. Ne5 Bxg2 11. Kxg2 d6 12. Nd3 e5 13. f4 e4 14. Nf2 c5 15. d3 Qc6 16. dxe4 Nxe4 17. Nxe4 Qxe4+ 18. Kf2 Bf6 19. c3 Re8 20. Qd2 g5 21. fxg5 hxg5 22. Rad1 Kg7 23. Ng1 Nc6 24. Qd3 Qe6 25. Bc1 Rad8 26. c4 Ne5 27. Qc2 Ng4+ 28. Kg2 Nxe3+ 29. Bxe3 Qxe3 30. Qxf5 Qe4+ 31. Qxe4 Rxe4 32. Rf5 Re5 33. Rd5 Kg6 34. g4 a6 35. Kf3 Rxd5 36. Rxd5 Be5 37. Nh3 Rf8+ 38. Kg2 Rh8 39. Rd1 Rh4 40. Rg1 Rxg4+ 41. Kh1 Rxg1+ 42. Nxg1 Kf5 43. Kg2 g4 44. h3 gxh3+ 45. Nxh3 Ke4 46. Ng5+ Kd3 47. Kf3 Kc2 48. Ke4 Kb2 49. Kd5 Kxa2 50. Kc6 Kxb3 51. Kxb6 Kxc4 52. Kxa6 Kd3 0-1

[Event "Montreal op U1800"]
[Site "Montreal CAN"]
[Date "1980.08.31"]
[Round "4"]
[White "Bolduc, Steve"]
[Black "Barnes, Graham"]
[Result "1/2-1/2"]
[WhiteElo "1558"]
[BlackElo "1650"]
[PlyCount "92"]
[GameId "2160767912911730"]
[EventDate "1980.08.30"]
[EventType "swiss"]
[EventRounds "6"]
[EventCountry "CAN"]
[SourceTitle "hb 2011"]

1. e4 e5 2. Nf3 Nc6 3. Bb5 f5 4. d4 fxe4 5. Nxe5 Nxe5 6. dxe5 c6 7. Bc4 Qa5+ 8. Bd2 Qxe5 9. Bc3 Qg5 10. g3 d5 11. h4 Qe7 12. Qh5+ Qf7 13. Qe5+ Be6 14. Be2 Kd7 15. Nd2 Nf6 16. O-O-O Bd6 17. Qd4 Kc7 18. Nb3 Qe7 19. Rdf1 Rhe8 20. h5 c5 21. Qa4 Bg4 22. Re1 Bxe2 23. Rxe2 Qd7 24. Qxd7+ Kxd7 25. h6 g6 26. Be1 b6 27. Nd2 Rad8 28. Nf1 Ng4 29. Rh4 Ne5 30. Nd2 Nf3 31. Nxf3 exf3 32. Rxe8 Rxe8 33. Kd1 Re2 34. Ra4 Bb8 35. Ra3 d4 36. Rxf3 Re7 37. Rf8 Re8 38. Rf7+ Re7 39. Rf8 Re8 40. Rxe8 Kxe8 41. Ke2 Kf7 42. Kf3 Kf6 43. Bd2 a6 44. Ke4 Ke6 45. f4 Bd6 46. g4 Bf8 1/2-1/2

[Event "Montreal op U1800"]
[Site "Montreal CAN"]
[Date "1980.09.01"]
[Round "5"]
[White "Lacoursiere, Claude"]
[Black "Bolduc, Steve"]
[Result "0-1"]
[WhiteElo "1653"]
[BlackElo "1558"]
[PlyCount "96"]
[GameId "2160767912911731"]
[EventDate "1980.08.30"]
[EventType "swiss"]
[EventRounds "6"]
[EventCountry "CAN"]
[SourceTitle "hb 2011"]

1. b3 e5 2. Bb2 Nc6 3. e3 d5 4. Nf3 Bd6 5. c4 dxc4 6. Bxc4 Nge7 7. Ng5 Nd5 8. Ne4 Nf6 9. Nxd6+ cxd6 10. O-O O-O 11. Nc3 d5 12. Be2 Bf5 13. d4 exd4 14. exd4 a6 15. Rc1 Qd6 16. Bf3 Rfe8 17. Na4 Re7 18. Re1 Rxe1+ 19. Qxe1 Re8 20. Qd1 Be4 21. Nc5 Bxf3 22. Qxf3 Qe7 23. h3 Ne4 24. Re1 Nd2 25. Qe3 Qxe3 26. Rxe3 Rxe3 27. fxe3 Nd8 28. Kf2 f5 29. Kg3 g5 30. Bc3 Ne4+ 31. Nxe4 dxe4 32. h4 h6 33. hxg5 hxg5 34. Kh3 Kf7 35. g4 f4 36. exf4 gxf4 37. d5 Kg6 38. Ba5 Nf7 39. Bc7 Kg5 40. d6 Ne5 41. Bd8+ Kg6 42. g5 e3 43. Kg2 f3+ 44. Kf1 e2+ 45. Ke1 Nd3+ 46. Kd2 e1=Q+ 47. Kxd3 f2 48. Kd4 f1=Q 0-1

[Event "Montreal op U1800"]
[Site "Montreal CAN"]
[Date "1980.09.01"]
[Round "6"]
[White "Goulet, Gaetan"]
[Black "Bolduc, Steve"]
[Result "1/2-1/2"]
[WhiteElo "1720"]
[BlackElo "1558"]
[PlyCount "58"]
[GameId "2160767912911732"]
[EventDate "1980.08.30"]
[EventType "swiss"]
[EventRounds "6"]
[EventCountry "CAN"]
[SourceTitle "hb 2011"]

1. e4 e6 2. d4 d5 3. Nc3 Nf6 4. Bg5 dxe4 5. Nxe4 Be7 6. Nxf6+ Bxf6 7. Bxf6 Qxf6 8. Nf3 O-O 9. Bd3 b6 10. Be4 c6 11. Qd3 Kh8 12. Qa3 Rd8 13. O-O-O Qf4+ 14. Qe3 Qxe3+ 15. fxe3 f6 16. c4 Bb7 17. Rhf1 Na6 18. a3 Nc7 19. g4 Ne8 20. h4 Nc7 21. c5 Nd5 22. Bxd5 cxd5 23. cxb6 axb6 24. Rf2 Kg8 25. Ng1 Rac8+ 26. Rc2 Kf7 27. Ne2 Ba6 28. Nf4 Rxc2+ 29. Kxc2 Rc8+ 1/2-1/2

[Event "Quebec op U1500"]
[Site "Montreal CAN"]
[Date "1980.08.03"]
[Round "1"]
[White "Bolduc, Steve"]
[Black "Renaud, Christian"]
[Result "1-0"]
[WhiteElo "1487"]
[BlackElo "1388"]
[PlyCount "153"]
[GameId "2160767912911782"]
[EventDate "1980.08.03"]
[EventType "swiss"]
[EventRounds "8"]
[EventCountry "CAN"]
[SourceTitle "hb 2011"]

1. e4 c5 2. Nf3 e6 3. Nc3 a6 4. g3 d6 5. Bg2 Be7 6. d3 Bd7 7. a4 Bc6 8. Qe2 Nd7 9. O-O Rb8 10. b3 b5 11. axb5 axb5 12. Bb2 b4 13. Nd1 e5 14. Ne3 Ngf6 15. Nd2 Nf8 16. f4 exf4 17. gxf4 Ng6 18. e5 Bxg2 19. Nxg2 Nd5 20. exd6 Qxd6 21. Ne4 Qc7 22. f5 Ne5 23. Ng3 Bf6 24. Rfe1 Nc3 25. Bxc3 bxc3 26. Ne4 O-O 27. Nxf6+ gxf6 28. Ne3 Rbd8 29. Nd5 Rxd5 30. Qg2+ Ng4 31. Qxg4+ Kh8 32. Qf3 Rdd8 33. Kh1 h6 34. Ra6 Rd6 35. Ra8 Rdd8 36. Rea1 Kh7 37. R1a7 Qd6 38. Rxd8 Qxd8 39. Qe4 Re8 40. Rxf7+ Kg8 41. Qb7 Qa8 42. Rg7+ Kf8 43. Qxa8 Rxa8 44. Rg1 Re8 45. h3 Re2 46. Rg2 Re5 47. Rf2 Ke7 48. Kg2 Kd6 49. Kg3 Re1 50. Kf4 Kd5 51. Rg2 Rf1+ 52. Kg4 Rd1 53. Kf3 Rh1 54. Rg6 Rxh3+ 55. Kg2 Rh5 56. Rxf6 Ke5 57. Rc6 Rg5+ 58. Kh3 Kd4 59. f6 Rf5 60. Re6 Kd5 61. Rb6 Ke5 62. b4 cxb4 63. Rxb4 Rxf6 64. Rc4 Rf3+ 65. Kg4 Rf2 66. Rxc3 Kd4 67. Rc6 Rh2 68. Kg3 Rh5 69. Rc4+ Ke3 70. d4 Rd5 71. c3 Kd3 72. Rc5 Rd6 73. Kf4 h5 74. Kg5 Ke4 75. Kxh5 Kd3 76. Kg4 Re6 77. Kf5 1-0

[Event "Quebec op U1500"]
[Site "Montreal CAN"]
[Date "1980.08.04"]
[Round "2"]
[White "Levasseur, Sylvain"]
[Black "Bolduc, Steve"]
[Result "0-1"]
[WhiteElo "1396"]
[BlackElo "1487"]
[PlyCount "78"]
[GameId "2160767912911783"]
[EventDate "1980.08.03"]
[EventType "swiss"]
[EventRounds "8"]
[EventCountry "CAN"]
[SourceTitle "hb 2011"]

1. e4 e5 2. Nf3 Nc6 3. Bc4 Nf6 4. Nc3 Be7 5. d3 d6 6. Bg5 Be6 7. Bxf6 Bxf6 8. Nd2 Na5 9. Bb3 Nxb3 10. axb3 c6 11. Nc4 O-O 12. O-O a5 13. Ne3 g6 14. Qd2 Bg7 15. Ne2 f5 16. exf5 gxf5 17. f3 f4 18. Nd1 Rf6 19. Nec3 Rg6 20. Kh1 h5 21. Nf2 h4 22. h3 Qc7 23. Nce4 d5 24. Nc5 Bf5 25. Na4 Rd8 26. Nc3 b6 27. Qe2 Re6 28. Ra2 Rde8 29. Ncd1 e4 30. dxe4 dxe4 31. fxe4 Bxe4 32. Nxe4 Rxe4 33. Qf3 Qd6 34. Ra1 Qg6 35. Ra4 Rxa4 36. bxa4 Qxc2 37. Qxf4 Rf8 38. Qxh4 Rxf1+ 39. Kh2 Rxd1 0-1

[Event "Quebec op U1500"]
[Site "Montreal CAN"]
[Date "1980.08.05"]
[Round "3"]
[White "Bolduc, Steve"]
[Black "Piche, Benoit"]
[Result "1-0"]
[WhiteElo "1487"]
[BlackElo "1281"]
[PlyCount "73"]
[GameId "2160767912911784"]
[EventDate "1980.08.03"]
[EventType "swiss"]
[EventRounds "8"]
[EventCountry "CAN"]
[SourceTitle "hb 2011"]

1. e4 c5 2. Nc3 d6 3. g3 g6 4. Bg2 Bg7 5. d3 Nc6 6. Nf3 Bd7 7. Bd2 a6 8. O-O e6 9. Ne1 b5 10. Qc1 b4 11. Ne2 Qb6 12. Rb1 h5 13. h3 Nge7 14. Kh2 a5 15. f4 f5 16. Nf3 O-O-O 17. c3 b3 18. axb3 Qxb3 19. Ra1 fxe4 20. dxe4 Qc4 21. Re1 e5 22. Qd1 Bf6 23. b3 Qe6 24. c4 h4 25. gxh4 exf4 26. Nxf4 Be5 27. Nxe5 Qxe5 28. Kh1 Kb7 29. Nd5 Ra8 30. Bc3 Nd4 31. Bxd4 cxd4 32. Nxe7 Qxe7 33. Qxd4 Bc6 34. e5 Bxg2+ 35. Kxg2 dxe5 36. Rxe5 Qc7 37. Rb5+ 1-0

[Event "Quebec op U1500"]
[Site "Montreal CAN"]
[Date "1980.08.06"]
[Round "4"]
[White "Leblanc, Pierre"]
[Black "Bolduc, Steve"]
[Result "0-1"]
[WhiteElo "1395"]
[BlackElo "1487"]
[PlyCount "76"]
[GameId "2160767912911785"]
[EventDate "1980.08.03"]
[EventType "swiss"]
[EventRounds "8"]
[EventCountry "CAN"]
[SourceTitle "hb 2011"]

1. e4 e5 2. Nf3 Nc6 3. Bb5 a6 4. Ba4 Nf6 5. O-O b5 6. Bb3 Be7 7. Re1 O-O 8. c3 d6 9. h3 Na5 10. Bc2 c5 11. d4 Qc7 12. Nbd2 cxd4 13. cxd4 Nc6 14. Nb3 Nb4 15. Bb1 Bb7 16. Bd2 d5 17. a3 dxe4 18. Nxe5 Nbd5 19. Na5 Rac8 20. Nxb7 Qxb7 21. Bxe4 Nxe4 22. Rxe4 Nc3 23. Bxc3 Qxe4 24. Qd2 Qd5 25. Re1 Rfe8 26. Qf4 f6 27. Ng4 Bd6 28. Rxe8+ Rxe8 29. Qd2 Qg5 30. Ne3 Qf4 31. Nf1 Qxd2 32. Nxd2 Re1+ 33. Nf1 Re8 34. Ne3 Kf7 35. Kf1 Rd8 36. Ke2 Bc7 37. Kd3 a5 38. Kc2 g5 0-1

[Event "Quebec op U1500"]
[Site "Montreal CAN"]
[Date "1980.08.07"]
[Round "5"]
[White "Bolduc, Steve"]
[Black "Sabour, Ali"]
[Result "0-1"]
[WhiteElo "1487"]
[BlackElo "1354"]
[PlyCount "74"]
[GameId "2160767912911786"]
[EventDate "1980.08.03"]
[EventType "swiss"]
[EventRounds "8"]
[EventCountry "CAN"]
[SourceTitle "hb 2011"]

1. e4 e5 2. Nf3 Nc6 3. Bb5 Nge7 4. O-O g6 5. c3 Bg7 6. d4 exd4 7. cxd4 O-O 8. Nc3 d6 9. h3 a6 10. Bc4 b5 11. Bb3 Na5 12. Bc2 h6 13. b3 c5 14. Bb2 Qc7 15. d5 c4 16. b4 Nb7 17. Qd2 g5 18. Nd1 Ng6 19. Bxg7 Kxg7 20. Ne3 Ne5 21. Nxe5 dxe5 22. Qc3 f6 23. g4 Nd6 24. Nf5+ Bxf5 25. gxf5 h5 26. a4 bxa4 27. Rxa4 Rfb8 28. Qe3 Rb5 29. Rfa1 Qb7 30. Qf3 Kh6 31. Qa3 Rb6 32. Ra5 Ra7 33. Ba4 Rxb4 34. Bc6 Qb6 35. Rxa6 Rxa6 36. Qxa6 Nxe4 37. Qc8 Qxf2+ 0-1

[Event "Quebec op U1500"]
[Site "Montreal CAN"]
[Date "1980.08.08"]
[Round "6"]
[White "Kafadarow, Kostadin"]
[Black "Bolduc, Steve"]
[Result "0-1"]
[WhiteElo "1573"]
[BlackElo "1487"]
[PlyCount "78"]
[GameId "2160767912911787"]
[EventDate "1980.08.03"]
[EventType "swiss"]
[EventRounds "8"]
[EventCountry "CAN"]
[SourceTitle "hb 2011"]

1. e4 e5 2. Nf3 Nc6 3. b3 Bc5 4. Bb2 d6 5. Bb5 Nf6 6. Bxc6+ bxc6 7. d3 Bg4 8. Nbd2 Qe7 9. O-O O-O 10. Qe1 Nd7 11. h3 Bh5 12. Kh1 f6 13. Nh2 d5 14. f3 a5 15. a4 g5 16. Ng4 Qg7 17. Qe2 Bf7 18. Ba3 Bxa3 19. Rxa3 h5 20. Ne3 Be6 21. g4 Qh7 22. Kg2 Kf7 23. Rh1 Rh8 24. Nf5 Bxf5 25. exf5 Kg8 26. Raa1 Qe7 27. Rae1 Kf7 28. d4 h4 29. Qd3 Rhe8 30. Re3 Qb4 31. c3 Qd6 32. c4 exd4 33. Qxd4 Rxe3 34. Qxe3 Re8 35. Qf2 Nc5 36. cxd5 Nd3 37. Nc4 Qf4 38. Qd2 Qg3+ 39. Kf1 Re1+ 0-1

[Event "Quebec op U1500"]
[Site "Montreal CAN"]
[Date "1980.08.09"]
[Round "7"]
[White "Bolduc, Steve"]
[Black "Dubois, Carlos"]
[Result "1-0"]
[WhiteElo "1487"]
[BlackElo "1482"]
[PlyCount "59"]
[GameId "2160767912911788"]
[EventDate "1980.08.03"]
[EventType "swiss"]
[EventRounds "8"]
[EventCountry "CAN"]
[SourceTitle "hb 2011"]

1. e4 c5 2. Nf3 e6 3. d4 cxd4 4. Nxd4 Nf6 5. f3 Bc5 6. Nb3 Nxe4 7. fxe4 Qh4+ 8. Kd2 Qf4+ 9. Kd3 Qd6+ 10. Ke2 Qe5 11. Nxc5 Qxc5 12. Be3 Qb4 13. Kf2 Qxb2 14. Nd2 Nc6 15. Nc4 Qc3 16. Kg1 O-O 17. Bd3 d5 18. Nd2 Nb4 19. Rb1 Nxa2 20. Qf3 Qe5 21. Nb3 Qc3 22. Bd4 Qb4 23. exd5 Qa4 24. Qh5 f5 25. Qg5 Rf7 26. h4 Nb4 27. dxe6 Bxe6 28. Nc5 Qa2 29. Rxb4 Qa5 30. Rb1 1-0

[Event "Quebec op U1500"]
[Site "Montreal CAN"]
[Date "1980.08.10"]
[Round "8"]
[White "Bolduc, Steve"]
[Black "Crete, Michel"]
[Result "1-0"]
[WhiteElo "1487"]
[BlackElo "1404"]
[PlyCount "77"]
[GameId "2160767912911789"]
[EventDate "1980.08.03"]
[EventType "swiss"]
[EventRounds "8"]
[EventCountry "CAN"]
[SourceTitle "hb 2011"]

1. e4 e6 2. d4 d5 3. Nc3 Nf6 4. Bg5 dxe4 5. Nxe4 Be7 6. Bxf6 gxf6 7. Nf3 f5 8. Ng3 c5 9. Bd3 Nc6 10. c3 cxd4 11. Nxd4 Nxd4 12. cxd4 Bb4+ 13. Kf1 Bd7 14. Ne2 Bc6 15. f3 Rg8 16. Kf2 Qg5 17. g3 e5 18. Bc4 a5 19. d5 Bc5+ 20. Kg2 Qe3 21. Qe1 Bd7 22. Nc3 Qxe1 23. Rhxe1 Bd6 24. Nb5 Ke7 25. Nxd6 Kxd6 26. a3 b5 27. Bb3 f4 28. Kf2 fxg3+ 29. hxg3 Rg7 30. Rh1 Rag8 31. Rag1 Bf5 32. Rh6+ Bg6 33. Rc1 f6 34. Rc6+ Ke7 35. Re6+ Kd7 36. Ra6 a4 37. Ba2 Bd3 38. d6 Rc8 39. Ra7+ 1-0

[Event "Mini-tournoi"]
[Site "Montreal CAN"]
[Date "1980.03.09"]
[Round "1"]
[White "Valeriani, Marco"]
[Black "Bolduc, Steve"]
[Result "0-1"]
[WhiteElo "1200"]
[BlackElo "1200"]
[PlyCount "50"]
[GameId "2160767912912060"]
[EventDate "1980.03.09"]
[EventType "swiss"]
[EventRounds "3"]
[EventCountry "CAN"]
[SourceTitle "hb 2011"]

1. e4 c5 2. Nf3 d6 3. d4 cxd4 4. Qxd4 Nc6 5. Qd1 Nf6 6. Nc3 a6 7. Bg5 e6 8. Be2 Be7 9. O-O Qc7 10. Bxf6 Bxf6 11. Qd2 O-O 12. Rad1 Rd8 13. Ng5 h6 14. Nh3 b5 15. a3 Bb7 16. Bf3 Rac8 17. b4 Nxb4 18. axb4 Bxc3 19. Qd3 Bxb4 20. Rc1 Qc3 21. Qxc3 Rxc3 22. Rfd1 Rdc8 23. Be2 Bxe4 24. Bd3 Bxd3 25. Rxd3 Rxd3 0-1